Murshidabad : (Record no. 94759)

MARC details
000 -LEADER
fixed length control field 00994nam a22002537a 4500
005 - DATE AND TIME OF LATEST TRANSACTION
control field 20150820105849.0
010 ## - LCCN (DPL NO)
LC control number ENG-113410
020 ## - INTERNATIONAL STANDARD BOOK NUMBER
International Standard Book Number 8192110699
Terms of availability 2800.00
020 ## - INTERNATIONAL STANDARD BOOK NUMBER
International Standard Book Number 9788192110691
Terms of availability 2800.00
035 ## - SYSTEM CONTROL NUMBER
System control number EN-96942
037 ## - SOURCE OF ACQUISITION
Source of stock number/acquisition DBAD/PUB
082 ## - DEWEY DECIMAL CLASSIFICATION NUMBER
Classification number 954.52
245 ## - TITLE STATEMENT
Title Murshidabad :
Statement of responsibility, etc edited by Neeta Das [and] Rosie Llewellyn- Jones
Remainder of title forgotten capital of Bengal /
260 ## - PUBLICATION, DISTRIBUTION, ETC. (IMPRINT)
Place of publication, distribution, etc Mumbai
Name of publisher, distributor, etc The Marg Foundation
Date of publication, distribution, etc 2014
270 ## - ADDRESS
Address Army & Navy Building, 3rd Floor, 148, M.G. Road,
City Mumbai
Postal code 400001
300 ## - PHYSICAL DESCRIPTION
Extent 136p. :
Dimensions 32cm(Hb)
Other physical details ill. (chiefly col), maps
500 ## - GENERAL NOTE
General note "Vol. 65, no. 2, December 2013"--T.p. verso; simultaneously issued in serial format as an issue of Mārg.
500 ## - GENERAL NOTE
General note Includes bibliographical references (pages 132-133) and index.
650 ## - SUBJECT ADDED ENTRY--TOPICAL TERM
Topical term or geographic name as entry element Art, Indic
Geographic subdivision India
-- Murshidābād.
650 ## - SUBJECT ADDED ENTRY--TOPICAL TERM
Topical term or geographic name as entry element Handicraft
Geographic subdivision India
-- Murshidābād.
700 ## - ADDED ENTRY--PERSONAL NAME
Personal name Das, Neeta
700 ## - ADDED ENTRY--PERSONAL NAME
Personal name Jones, Rosie Llewellyn
942 ## - ADDED ENTRY ELEMENTS (KOHA)
Source of classification or shelving scheme Dewey Decimal Classification
Item type English Books
Call number suffix MUR
Classification part 954.52
Holdings
Withdrawn status Lost status Not for loan Collection code Home library Current library Date acquired Source of acquisition Cost, normal purchase price Full call number Barcode Copy number Cost, replacement price Koha item type
    Not For Loan Non-fiction D.B.Act.Division D.B.Act.Division 09/07/2015 DBAD/PUB 2800.00 954.52 MUR EN-96942 1 2800.00 English Books

© Delhi Public Library
Hit Counter
free hit counter